[Event "Qualifyer Villarobledo - Final"]
[Site "playchess.com #155699"]
[Date "2009.05.23"]
[Round "1"]
[White "Hauberk"]
[Black "Artur95"]
[Result "0-1"]
[WhiteElo "2352"]
[BlackElo "2420"]
[PlyCount "94"]
[EventDate "2009.05.23"]
[EventType "tourn (blitz)"]

1. e4 {[%emt 0:00:01]} c5 {[%emt 0:00:01]} 2. Nc3 {[%emt 0:00:01]} d6 {[%emt 0:
00:01]} 3. f4 {[%emt 0:00:04]} Nc6 {[%emt 0:00:01]} 4. Nf3 {[%emt 0:00:01]} g6
{[%emt 0:00:01]} 5. Bc4 {[%emt 0:00:01]} Bg7 {[%emt 0:00:01]} 6. O-O {[%emt 0:
00:01]} Nf6 {[%emt 0:00:00]} 7. f5 {[%emt 0:00:02]} O-O {[%emt 0:00:01]} 8. d3
{[%emt 0:00:08]} Nd4 {[%emt 0:00:01]} 9. Nxd4 {[%emt 0:00:23]} cxd4 {[%emt 0:
00:01]} 10. Nd5 {[%emt 0:00:01]} Nxd5 {[%emt 0:00:05]} 11. Bxd5 {[%emt 0:00:02]
} e6 {[%emt 0:00:05]} 12. fxe6 {[%emt 0:00:02]} fxe6 {[%emt 0:00:18]} 13. Bb3 {
[%emt 0:00:04]} Bd7 {[%emt 0:00:09]} 14. Bd2 {[%emt 0:00:08]} a5 {[%emt 0:00:
02]} 15. Qg4 {[%emt 0:00:03]} Qe8 {[%emt 0:00:08]} 16. Rxf8+ {[%emt 0:00:11]}
Bxf8 {[%emt 0:00:00]} 17. a3 {[%emt 0:00:03]} a4 {[%emt 0:00:11]} 18. Ba2 {
[%emt 0:00:01]} Rc8 {[%emt 0:00:00]} 19. c4 {[%emt 0:00:28]} b5 {[%emt 0:00:14]
} 20. Rc1 {[%emt 0:00:11]} bxc4 {[%emt 0:00:10]} 21. Rxc4 {[%emt 0:00:01]} Rb8
{[%emt 0:00:13]} 22. Bb4 {[%emt 0:00:01]} d5 {[%emt 0:00:12]} 23. Rxd4 {[%emt
0:00:04]} Bxb4 {[%emt 0:00:01]} 24. axb4 {[%emt 0:00:06]} e5 {[%emt 0:00:24]}
25. Bxd5+ {[%emt 0:00:39]} Kg7 {[%emt 0:00:15]} 26. Qg3 {[%emt 0:00:57]} exd4 {
[%emt 0:00:03]} 27. e5 {[%emt 0:00:01]} Be6 {[%emt 0:00:06]} 28. Qf4 {[%emt 0:
00:06]} Bxd5 {[%emt 0:00:03]} 29. Qf6+ {[%emt 0:00:01]} Kg8 {[%emt 0:00:01]}
30. Qd6 {[%emt 0:00:01]} Be6 {[%emt 0:00:02]} 31. Qxd4 {[%emt 0:00:01]} Rd8 {
[%emt 0:00:00]} 32. Qe3 {[%emt 0:00:01]} Qd7 {[%emt 0:00:00]} 33. g3 {[%emt 0:
00:01]} Qd4 {[%emt 0:00:01]} 34. Kf2 {[%emt 0:00:01]} Qxe3+ {[%emt 0:00:01]}
35. Kxe3 {[%emt 0:00:01]} Rb8 {[%emt 0:00:00]} 36. Kd4 {[%emt 0:00:02]} Rxb4+ {
[%emt 0:00:01]} 37. Kc5 {[%emt 0:00:01]} Rxb2 {[%emt 0:00:01]} 38. Kd6 {[%emt
0:00:02]} Kf7 {[%emt 0:00:01]} 39. d4 {[%emt 0:00:01]} a3 {[%emt 0:00:00]} 40.
d5 {[%emt 0:00:01]} Rd2 {[%emt 0:00:00]} 41. Kc5 {[%emt 0:00:02]} Rxd5+ {[%emt
0:00:00]} 42. Kb4 {[%emt 0:00:01]} a2 {[%emt 0:00:00]} 43. Kb3 {[%emt 0:00:01]}
a1=Q {[%emt 0:00:00]} 44. Kc2 {[%emt 0:00:01]} Rc5+ {[%emt 0:00:01]} 45. Kd3 {
[%emt 0:00:01]} Qc3+ {[%emt 0:00:01]} 46. Ke4 {[%emt 0:00:01]} Rxe5+ {[%emt 0:
00:00]} 47. Kf4 {[%emt 0:00:01]} Qe3# {[%emt 0:00:00]} 0-1

[Event "Qualifyer Villarobledo - Final"]
[Site "playchess.com #155699"]
[Date "2009.05.23"]
[Round "1"]
[White "-st!er-"]
[Black "Yang Guo"]
[Result "1-0"]
[WhiteElo "2773"]
[BlackElo "2852"]
[PlyCount "103"]
[EventDate "2009.05.23"]
[EventType "tourn (blitz)"]

1. d4 {[%emt 0:00:02]} Nf6 {[%emt 0:00:02]} 2. c4 {[%emt 0:00:02]} Nc6 {[%emt
0:00:04]} 3. Nf3 {[%emt 0:00:02]} e6 {[%emt 0:00:01]} 4. Nc3 {[%emt 0:00:01]}
Bb4 {[%emt 0:00:01]} 5. Bg5 {[%emt 0:00:01]} h6 {[%emt 0:00:03]} 6. Bh4 {[%emt
0:00:01]} g5 {[%emt 0:00:01]} 7. Bg3 {[%emt 0:00:01]} Ne4 {[%emt 0:00:01]} 8.
Qc2 {[%emt 0:00:01]} f5 {[%emt 0:00:01]} 9. e3 {[%emt 0:00:08]} d6 {[%emt 0:00:
42]} 10. Bd3 {[%emt 0:00:05]} Bxc3+ {[%emt 0:00:01]} 11. bxc3 {[%emt 0:00:01]}
Nxg3 {[%emt 0:00:01]} 12. hxg3 {[%emt 0:00:01]} Qf6 {[%emt 0:00:04]} 13. O-O-O
{[%emt 0:00:15]} b6 {[%emt 0:00:01]} 14. Kb1 {[%emt 0:00:05]} Bb7 {[%emt 0:00:
04]} 15. d5 {[%emt 0:00:03]} Ne7 {[%emt 0:00:20]} 16. Qa4+ {[%emt 0:00:02]} Kd8
{[%emt 0:00:11]} 17. dxe6 {[%emt 0:00:03]} Bc6 {[%emt 0:00:10]} 18. Qc2 {[%emt
0:00:02]} Bxf3 {[%emt 0:00:03]} 19. gxf3 {[%emt 0:00:02]} Qxe6 {[%emt 0:00:00]}
20. f4 {[%emt 0:00:03]} Kd7 {[%emt 0:00:11]} 21. Qa4+ {[%emt 0:00:13]} c6 {
[%emt 0:00:04]} 22. Rh5 {[%emt 0:00:08]} Kc7 {[%emt 0:00:07]} 23. Rdh1 {[%emt
0:00:02]} Qf6 {[%emt 0:00:01]} 24. fxg5 {[%emt 0:00:03]} hxg5 {[%emt 0:00:03]}
25. Rxh8 {[%emt 0:00:02]} Rxh8 {[%emt 0:00:00]} 26. Qxa7+ {[%emt 0:00:02]} Kd8
{[%emt 0:00:06]} 27. Qxb6+ {[%emt 0:00:01]} Kd7 {[%emt 0:00:01]} 28. Qb7+ {
[%emt 0:00:03]} Ke6 {[%emt 0:00:01]} 29. Rxh8 {[%emt 0:00:10]} Qxh8 {[%emt 0:
00:00]} 30. Qb2 {[%emt 0:00:03]} Qh1+ {[%emt 0:00:08]} 31. Qc1 {[%emt 0:00:02]}
Qf3 {[%emt 0:00:11]} 32. Qc2 {[%emt 0:00:02]} Ng6 {[%emt 0:00:01]} 33. Qe2 {
[%emt 0:00:13]} Qh1+ {[%emt 0:00:03]} 34. Kb2 {[%emt 0:00:03]} Ne5 {[%emt 0:00:
13]} 35. Bc2 {[%emt 0:00:12]} c5 {[%emt 0:00:04]} 36. a4 {[%emt 0:00:03]} Qb7+
{[%emt 0:00:07]} 37. Ka3 {[%emt 0:00:02]} Qa6 {[%emt 0:00:02]} 38. Bb3 {[%emt
0:00:04]} Qa5 {[%emt 0:00:01]} 39. f4 {[%emt 0:00:02]} Nf7 {[%emt 0:00:12]} 40.
Qd3 {[%emt 0:00:05]} Kf6 {[%emt 0:00:26]} 41. Bd1 {[%emt 0:00:07]} g4 {[%emt 0:
00:08]} 42. Bc2 {[%emt 0:00:02]} Ke7 {[%emt 0:00:04]} 43. Kb2 {[%emt 0:00:04]}
Nh6 {[%emt 0:00:05]} 44. e4 {[%emt 0:00:05]} Qb6+ {[%emt 0:00:03]} 45. Ka3 {
[%emt 0:00:01]} fxe4 {[%emt 0:00:13]} 46. Qxe4+ {[%emt 0:00:01]} Kf8 {[%emt 0:
00:00]} 47. Qa8+ {[%emt 0:00:11] .} Kg7 {[%emt 0:00:01]} 48. a5 {[%emt 0:00:01]
} Qc7 {[%emt 0:00:04]} 49. a6 {[%emt 0:00:01]} Nf7 {[%emt 0:00:02]} 50. Qb7 {
[%emt 0:00:01]} Qd8 {[%emt 0:00:01]} 51. a7 {[%emt 0:00:04]} Qf6 {[%emt 0:00:
00]} 52. Kb2 {[%emt 0:00:02] Yang Guo resigns} 1-0

[Event "Qualifyer Villarobledo - Final"]
[Site "playchess.com #155699"]
[Date "2009.05.23"]
[Round "1"]
[White "Unicorn"]
[Black "Novoselski"]
[Result "0-1"]
[WhiteElo "2615"]
[BlackElo "2521"]
[PlyCount "108"]
[EventDate "2009.05.23"]
[EventType "tourn (blitz)"]

1. d4 {[%emt 0:00:01]} e6 {[%emt 0:00:01]} 2. c4 {[%emt 0:00:01]} f5 {[%emt 0:
00:01]} 3. g3 {[%emt 0:00:01]} Nf6 {[%emt 0:00:01]} 4. Bg2 {[%emt 0:00:01]} Be7
{[%emt 0:00:00]} 5. b3 {[%emt 0:00:05]} O-O {[%emt 0:00:00]} 6. Bb2 {[%emt 0:
00:01]} d5 {[%emt 0:00:07]} 7. Nh3 {[%emt 0:00:01]} c6 {[%emt 0:00:02]} 8. O-O
{[%emt 0:00:01]} Ne4 {[%emt 0:00:03]} 9. Nd2 {[%emt 0:00:02]} Bf6 {[%emt 0:00:
02]} 10. Rc1 {[%emt 0:00:09]} Qe7 {[%emt 0:00:12]} 11. Nf4 {[%emt 0:00:01]} g6
{[%emt 0:00:05]} 12. Nd3 {[%emt 0:00:05]} Nd7 {[%emt 0:00:03]} 13. Nf3 {[%emt
0:00:04]} Bg7 {[%emt 0:00:10]} 14. Nfe5 {[%emt 0:00:03]} Nxe5 {[%emt 0:00:08]}
15. Nxe5 {[%emt 0:00:00]} Ng5 {[%emt 0:00:03]} 16. h4 {[%emt 0:00:19]} Nf7 {
[%emt 0:00:01]} 17. f4 {[%emt 0:00:02]} Nd6 {[%emt 0:00:03]} 18. Ba3 {[%emt 0:
00:06]} Qd8 {[%emt 0:00:09]} 19. e3 {[%emt 0:00:31]} Re8 {[%emt 0:00:02]} 20.
h5 {[%emt 0:00:06]} Bxe5 {[%emt 0:00:21]} 21. dxe5 {[%emt 0:00:02]} Nf7 {[%emt
0:00:02]} 22. hxg6 {[%emt 0:00:04]} hxg6 {[%emt 0:00:01]} 23. cxd5 {[%emt 0:00:
01]} exd5 {[%emt 0:00:01]} 24. Kf2 {[%emt 0:00:05]} Nh6 {[%emt 0:00:11]} 25.
Bf3 {[%emt 0:00:01]} Qa5 {[%emt 0:00:17]} 26. Bb2 {[%emt 0:00:06]} Be6 {[%emt
0:00:07]} 27. Rh1 {[%emt 0:00:07]} Kg7 {[%emt 0:00:02]} 28. a3 {[%emt 0:00:07]}
Rh8 {[%emt 0:00:03]} 29. Qc2 {[%emt 0:00:03]} Qd8 {[%emt 0:00:12]} 30. b4 {
[%emt 0:00:05]} a6 {[%emt 0:00:03]} 31. Qc5 {[%emt 0:00:03]} Qf8 {[%emt 0:00:
04]} 32. Qd6 {[%emt 0:00:05]} Kf7 {[%emt 0:00:13]} 33. a4 {[%emt 0:00:09]} Rd8
{[%emt 0:00:06]} 34. Qc5 {[%emt 0:00:04]} Qxc5 {[%emt 0:00:08]} 35. Rxc5 {
[%emt 0:00:08]} Ng4+ {[%emt 0:00:01]} 36. Ke2 {[%emt 0:00:19]} Rxh1 {[%emt 0:
00:02]} 37. Bxh1 {[%emt 0:00:01]} Rh8 {[%emt 0:00:00]} 38. Bg2 {[%emt 0:00:12]}
Rh2 {[%emt 0:00:02]} 39. Kf3 {[%emt 0:00:04]} Nxe3 {[%emt 0:00:01]} 40. Kxe3 {
[%emt 0:00:00]} Rxg2 {[%emt 0:00:01]} 41. Bc1 {[%emt 0:00:04]} Rxg3+ {[%emt 0:
00:01]} 42. Kf2 {[%emt 0:00:01]} Rb3 {[%emt 0:00:02]} 43. Bd2 {[%emt 0:00:02]}
d4 {[%emt 0:00:02]} 44. Ke2 {[%emt 0:00:09]} Bd5 {[%emt 0:00:02]} 45. b5 {
[%emt 0:00:03]} axb5 {[%emt 0:00:02]} 46. axb5 {[%emt 0:00:01]} Rxb5 {[%emt 0:
00:09]} 47. Rxb5 {[%emt 0:00:01]} Bc4+ {[%emt 0:00:00]} 48. Kf3 {[%emt 0:00:19]
} Bxb5 {[%emt 0:00:00]} 49. Ba5 {[%emt 0:00:01]} Ke6 {[%emt 0:00:14]} 50. Bb6 {
[%emt 0:00:01]} Kd5 {[%emt 0:00:02]} 51. Kf2 {[%emt 0:00:06]} c5 {[%emt 0:00:
01]} 52. Ke1 {[%emt 0:00:02]} c4 {[%emt 0:00:06]} 53. Kd2 {[%emt 0:00:03]} c3+
{[%emt 0:00:03]} 54. Kc1 {[%emt 0:00:01]} d3 {[%emt 0:00:01] Unicorn resigns}
0-1

[Event "Qualifyer Villarobledo - Final"]
[Site "playchess.com #155699"]
[Date "2009.05.23"]
[Round "1"]
[White "Kendo"]
[Black "Africanchamp"]
[Result "1-0"]
[WhiteElo "2741"]
[BlackElo "2843"]
[PlyCount "89"]
[EventDate "2009.05.23"]
[EventType "tourn (blitz)"]

1. d4 {[%emt 0:00:04]} Nf6 {[%emt 0:00:03]} 2. Bg5 {[%emt 0:00:01]} Ne4 {[%emt
0:00:03]} 3. Bf4 {[%emt 0:00:01]} d5 {[%emt 0:00:01]} 4. f3 {[%emt 0:00:01]}
Nf6 {[%emt 0:00:01]} 5. Nc3 {[%emt 0:00:01]} c5 {[%emt 0:00:05]} 6. e4 {[%emt
0:00:15]} Nc6 {[%emt 0:00:09]} 7. Bb5 {[%emt 0:00:07]} e6 {[%emt 0:00:09]} 8.
Nge2 {[%emt 0:00:19]} Be7 {[%emt 0:00:06]} 9. dxc5 {[%emt 0:00:08]} O-O {[%emt
0:00:08]} 10. exd5 {[%emt 0:00:15]} exd5 {[%emt 0:00:06]} 11. Be3 {[%emt 0:00:
05]} Re8 {[%emt 0:00:21]} 12. O-O {[%emt 0:00:15]} Bf8 {[%emt 0:00:10]} 13. Bf2
{[%emt 0:00:10]} Bf5 {[%emt 0:00:04]} 14. a3 {[%emt 0:00:12]} Rc8 {[%emt 0:00:
08]} 15. Nd4 {[%emt 0:00:05]} Bd7 {[%emt 0:00:15]} 16. Bxc6 {[%emt 0:00:01]}
bxc6 {[%emt 0:00:00]} 17. b4 {[%emt 0:00:03]} a5 {[%emt 0:00:02]} 18. Na4 {
[%emt 0:00:03]} axb4 {[%emt 0:00:01]} 19. axb4 {[%emt 0:00:00]} Rb8 {[%emt 0:
00:12]} 20. Nb6 {[%emt 0:00:06]} Rxb6 {[%emt 0:00:12]} 21. cxb6 {[%emt 0:00:01]
} Qxb6 {[%emt 0:00:00]} 22. c3 {[%emt 0:00:05]} Qc7 {[%emt 0:00:02]} 23. Nb3 {
[%emt 0:00:08]} Bd6 {[%emt 0:00:03]} 24. g3 {[%emt 0:00:06]} h5 {[%emt 0:00:01]
} 25. Re1 {[%emt 0:00:09]} Rd8 {[%emt 0:00:08]} 26. Qd4 {[%emt 0:00:05]} h4 {
[%emt 0:00:06]} 27. Kg2 {[%emt 0:00:15]} hxg3 {[%emt 0:00:17]} 28. hxg3 {[%emt
0:00:00]} Bf5 {[%emt 0:00:04]} 29. Qb6 {[%emt 0:00:09]} Bxg3 {[%emt 0:00:03]}
30. Qxc7 {[%emt 0:00:04]} Bxc7 {[%emt 0:00:02]} 31. Nd4 {[%emt 0:00:10]} Bd7 {
[%emt 0:00:01]} 32. Bg3 {[%emt 0:00:02]} Bxg3 {[%emt 0:00:14]} 33. Kxg3 {[%emt
0:00:00]} Nh5+ {[%emt 0:00:02]} 34. Kf2 {[%emt 0:00:06]} Nf4 {[%emt 0:00:02]}
35. Re3 {[%emt 0:00:07]} Rc8 {[%emt 0:00:15]} 36. Ra7 {[%emt 0:00:05]} Be6 {
[%emt 0:00:01]} 37. Nb3 {[%emt 0:00:06]} g5 {[%emt 0:00:11]} 38. Nc5 {[%emt 0:
00:04]} Kf8 {[%emt 0:00:07]} 39. Nxe6+ {[%emt 0:00:08]} fxe6 {[%emt 0:00:02]}
40. Kg3 {[%emt 0:00:05]} c5 {[%emt 0:00:01]} 41. bxc5 {[%emt 0:00:07]} Rxc5 {
[%emt 0:00:02]} 42. Kg4 {[%emt 0:00:02]} d4 {[%emt 0:00:19] '} 43. cxd4 {[%emt
0:00:01]} Rd5 {[%emt 0:00:01]} 44. Rb3 {[%emt 0:00:03]} Rd8 {[%emt 0:00:01]}
45. Kxg5 {[%emt 0:00:02] Africanchamp resigns} 1-0

[Event "Qualifyer Villarobledo - Final"]
[Site "playchess.com #155699"]
[Date "2009.05.23"]
[Round "1"]
[White "Mtv star"]
[Black "Us6"]
[Result "0-1"]
[WhiteElo "2363"]
[BlackElo "2594"]
[PlyCount "162"]
[EventDate "2009.05.23"]
[EventType "tourn (blitz)"]

1. d4 {[%emt 0:00:01]} Nf6 {[%emt 0:00:02]} 2. e3 {[%emt 0:00:00]} d5 {[%emt 0:
00:01]} 3. f4 {[%emt 0:00:00]} Bf5 {[%emt 0:00:02]} 4. Nf3 {[%emt 0:00:00]} e6
{[%emt 0:00:02]} 5. Bd3 {[%emt 0:00:00]} Bxd3 {[%emt 0:00:01]} 6. Qxd3 {[%emt
0:00:00]} c5 {[%emt 0:00:01]} 7. c3 {[%emt 0:00:01]} Nc6 {[%emt 0:00:00]} 8.
Nbd2 {[%emt 0:00:01]} Be7 {[%emt 0:00:01]} 9. Ne5 {[%emt 0:00:01]} O-O {[%emt
0:00:06]} 10. O-O {[%emt 0:00:01]} Nd7 {[%emt 0:00:01]} 11. Rf3 {[%emt 0:00:09]
} f5 {[%emt 0:00:03]} 12. Nxd7 {[%emt 0:00:08]} Qxd7 {[%emt 0:00:01]} 13. Rf1 {
[%emt 0:00:02]} c4 {[%emt 0:00:06]} 14. Qe2 {[%emt 0:00:02]} b5 {[%emt 0:00:01]
} 15. b3 {[%emt 0:00:02]} Rab8 {[%emt 0:00:13]} 16. Bb2 {[%emt 0:00:08]} a6 {
[%emt 0:00:04]} 17. b4 {[%emt 0:00:08]} a5 {[%emt 0:00:01]} 18. a3 {[%emt 0:00:
02]} Ra8 {[%emt 0:00:01]} 19. Rfb1 {[%emt 0:00:04]} Bd6 {[%emt 0:00:03]} 20.
Bc1 {[%emt 0:00:02]} Kh8 {[%emt 0:00:04] Mtv star offers a draw} 21. Nf3 {
[%emt 0:00:03]} Ne7 {[%emt 0:00:05]} 22. Bd2 {[%emt 0:00:04]} Ng8 {[%emt 0:00:
02]} 23. Be1 {[%emt 0:00:08]} Nf6 {[%emt 0:00:01]} 24. Nd2 {[%emt 0:00:03]} Ra7
{[%emt 0:00:05]} 25. Bh4 {[%emt 0:00:01]} Ng8 {[%emt 0:00:11]} 26. Nf3 {[%emt
0:00:05]} Rfa8 {[%emt 0:00:01]} 27. Qd1 {[%emt 0:00:05]} Nh6 {[%emt 0:00:07]}
28. h3 {[%emt 0:00:04]} Ra6 {[%emt 0:00:18]} 29. Ne1 {[%emt 0:00:03]} Qa7 {
[%emt 0:00:03]} 30. Nc2 {[%emt 0:00:01]} Be7 {[%emt 0:00:07]} 31. Bxe7 {[%emt
0:00:05]} Qxe7 {[%emt 0:00:00]} 32. bxa5 {[%emt 0:00:09]} Rxa5 {[%emt 0:00:02]}
33. Rb2 {[%emt 0:00:00]} Ng8 {[%emt 0:00:11]} 34. Rab1 {[%emt 0:00:04]} Qd7 {
[%emt 0:00:01]} 35. Qe1 {[%emt 0:00:12]} Nf6 {[%emt 0:00:02]} 36. Kh1 {[%emt 0:
00:01]} Ne4 {[%emt 0:00:01]} 37. Kg1 {[%emt 0:00:01]} Rg8 {[%emt 0:00:04]} 38.
Kh1 {[%emt 0:00:07]} Qe8 {[%emt 0:00:08]} 39. a4 {[%emt 0:00:45]} bxa4 {[%emt
0:00:12]} 40. Na3 {[%emt 0:00:01]} Ra8 {[%emt 0:00:08]} 41. Rb7 {[%emt 0:00:03]
} Qf8 {[%emt 0:00:07]} 42. R1b4 {[%emt 0:00:16]} Qf6 {[%emt 0:00:11]} 43. Kh2 {
[%emt 0:00:15]} h6 {[%emt 0:00:09]} 44. Rc7 {[%emt 0:00:25]} Rgc8 {[%emt 0:00:
05]} 45. Rxc8+ {[%emt 0:00:03]} Rxc8 {[%emt 0:00:00]} 46. Rxa4 {[%emt 0:00:00]}
g5 {[%emt 0:00:02]} 47. Ra7 {[%emt 0:00:07]} Rg8 {[%emt 0:00:04]} 48. Nb5 {
[%emt 0:00:14]} g4 {[%emt 0:00:26] '} 49. hxg4 {[%emt 0:00:06]} fxg4 {[%emt 0:
00:02]} 50. g3 {[%emt 0:00:02]} Qf5 {[%emt 0:00:02]} 51. Kg2 {[%emt 0:00:04]}
Rb8 {[%emt 0:00:03]} 52. Qh1 {[%emt 0:00:05]} h5 {[%emt 0:00:13]} 53. Qh4 {
[%emt 0:00:01]} Nf6 {[%emt 0:00:06]} 54. Qg5 {[%emt 0:00:03]} Qxg5 {[%emt 0:00:
06]} 55. fxg5 {[%emt 0:00:00]} Ne4 {[%emt 0:00:01]} 56. Nc7 {[%emt 0:00:02]}
Rb2+ {[%emt 0:00:01]} 57. Kf1 {[%emt 0:00:00]} Nxg5 {[%emt 0:00:06]} 58. Ne8 {
[%emt 0:00:02]} Ne4 {[%emt 0:00:02]} 59. Nf6 {[%emt 0:00:01]} Nxf6 {[%emt 0:00:
01]} 60. Ra6 {[%emt 0:00:02] Mtv star offers a draw} Ne4 {[%emt 0:00:01]} 61.
Rxe6 {[%emt 0:00:04]} Nxg3+ {[%emt 0:00:01]} 62. Kg1 {[%emt 0:00:00]} h4 {
[%emt 0:00:02]} 63. Rh6+ {[%emt 0:00:03]} Kg7 {[%emt 0:00:01]} 64. Rxh4 {[%emt
0:00:00]} Ne4 {[%emt 0:00:03]} 65. Rxg4+ {[%emt 0:00:01]} Kf6 {[%emt 0:00:00]}
66. Rf4+ {[%emt 0:00:01]} Ke6 {[%emt 0:00:01]} 67. Rh4 {[%emt 0:00:01]} Nxc3 {
[%emt 0:00:01]} 68. Rh6+ {[%emt 0:00:01]} Kd7 {[%emt 0:00:02]} 69. Rh5 {[%emt
0:00:02]} Re2 {[%emt 0:00:02]} 70. Re5 {[%emt 0:00:03]} Kd6 {[%emt 0:00:01]}
71. Kf1 {[%emt 0:00:01]} Rc2 {[%emt 0:00:02]} 72. Rh5 {[%emt 0:00:01]} Ne4 {
[%emt 0:00:01]} 73. Rh6+ {[%emt 0:00:03]} Kc7 {[%emt 0:00:01]} 74. Rh7+ {[%emt
0:00:01]} Kc6 {[%emt 0:00:01]} 75. Rh6+ {[%emt 0:00:01]} Kb5 {[%emt 0:00:01]}
76. Rh8 {[%emt 0:00:00]} c3 {[%emt 0:00:01]} 77. Rd8 {[%emt 0:00:01]} Kc4 {
[%emt 0:00:01]} 78. Rc8+ {[%emt 0:00:00]} Kd3 {[%emt 0:00:01]} 79. Rd8 {[%emt
0:00:00]} Rc1+ {[%emt 0:00:01]} 80. Kg2 {[%emt 0:00:01]} c2 {[%emt 0:00:00]}
81. Rxd5 {[%emt 0:00:01]} Re1 {[%emt 0:00:01] Mtv star resigns} 0-1

[Event "Qualifyer Villarobledo - Final"]
[Site "playchess.com #155699"]
[Date "2009.05.23"]
[Round "2"]
[White "-st!er-"]
[Black "Mtv star"]
[Result "1-0"]
[WhiteElo "2794"]
[BlackElo "2356"]
[PlyCount "69"]
[EventDate "2009.05.23"]
[EventType "tourn (blitz)"]

1. d4 {[%emt 0:00:02]} d5 {[%emt 0:00:19]} 2. c4 {[%emt 0:00:03]} c6 {[%emt 0:
00:01]} 3. Nf3 {[%emt 0:00:01]} Nf6 {[%emt 0:00:01]} 4. Nc3 {[%emt 0:00:01]} e6
{[%emt 0:00:02]} 5. Bg5 {[%emt 0:00:01]} Be7 {[%emt 0:00:01]} 6. e3 {[%emt 0:
00:01]} h6 {[%emt 0:00:00]} 7. Bf4 {[%emt 0:00:03]} O-O {[%emt 0:00:01]} 8. Qc2
{[%emt 0:00:01]} Nbd7 {[%emt 0:00:02]} 9. O-O-O {[%emt 0:00:02]} a6 {[%emt 0:
00:04]} 10. g4 {[%emt 0:00:01]} g5 {[%emt 0:00:20]} 11. Bg3 {[%emt 0:00:04]}
Nxg4 {[%emt 0:00:05]} 12. h3 {[%emt 0:00:01]} Ngf6 {[%emt 0:00:02]} 13. h4 {
[%emt 0:00:01]} g4 {[%emt 0:00:01]} 14. Ne5 {[%emt 0:00:02]} Nxe5 {[%emt 0:00:
06]} 15. dxe5 {[%emt 0:00:01]} Nh5 {[%emt 0:00:02]} 16. Qe2 {[%emt 0:00:11]} f5
{[%emt 0:00:06]} 17. exf6 {[%emt 0:00:02]} Nxf6 {[%emt 0:00:03]} 18. Be5 {
[%emt 0:00:08]} h5 {[%emt 0:00:05]} 19. Qc2 {[%emt 0:00:02]} Qe8 {[%emt 0:00:
03]} 20. Bd3 {[%emt 0:00:02]} Qf7 {[%emt 0:00:06]} 21. Rhg1 {[%emt 0:00:03]}
Nd7 {[%emt 0:00:06]} 22. Bg6 {[%emt 0:00:02]} Nxe5 {[%emt 0:00:19]} 23. Bxf7+ {
[%emt 0:00:02]} Rxf7 {[%emt 0:00:01]} 24. f4 {[%emt 0:00:01]} Nxc4 {[%emt 0:00:
03]} 25. Qg6+ {[%emt 0:00:02]} Rg7 {[%emt 0:00:04]} 26. Qxh5 {[%emt 0:00:04]}
e5 {[%emt 0:00:01]} 27. f5 {[%emt 0:00:08]} Nxe3 {[%emt 0:00:01]} 28. Rde1 {
[%emt 0:00:01]} d4 {[%emt 0:00:04]} 29. Ne4 {[%emt 0:00:06]} Bxf5 {[%emt 0:00:
10]} 30. Rxe3 {[%emt 0:00:02]} Bg6 {[%emt 0:00:11]} 31. Qxg4 {[%emt 0:00:01]}
dxe3 {[%emt 0:00:08]} 32. h5 {[%emt 0:00:01]} Rf8 {[%emt 0:00:18]} 33. hxg6 {
[%emt 0:00:02]} Rf4 {[%emt 0:00:01]} 34. Qe6+ {[%emt 0:00:03]} Kf8 {[%emt 0:00:
02]} 35. Qc8+ {[%emt 0:00:01] Mtv star resigns} 1-0

[Event "Qualifyer Villarobledo - Final"]
[Site "playchess.com #155699"]
[Date "2009.05.23"]
[Round "2"]
[White "Artur95"]
[Black "Kendo"]
[Result "1/2-1/2"]
[WhiteElo "2433"]
[BlackElo "2762"]
[PlyCount "101"]
[EventDate "2009.05.23"]
[EventType "tourn (blitz)"]

1. e4 {[%emt 0:00:02]} c5 {[%emt 0:00:01]} 2. c3 {[%emt 0:00:01]} Nf6 {[%emt 0:
00:02]} 3. e5 {[%emt 0:00:00]} Nd5 {[%emt 0:00:01]} 4. d4 {[%emt 0:00:00]} cxd4
{[%emt 0:00:00]} 5. Nf3 {[%emt 0:00:00]} d6 {[%emt 0:00:02]} 6. cxd4 {[%emt 0:
00:00]} Nc6 {[%emt 0:00:02]} 7. Nc3 {[%emt 0:00:00]} dxe5 {[%emt 0:00:13]} 8.
dxe5 {[%emt 0:00:01]} Nxc3 {[%emt 0:00:01]} 9. Qxd8+ {[%emt 0:00:00]} Nxd8 {
[%emt 0:00:03]} 10. bxc3 {[%emt 0:00:00]} Bd7 {[%emt 0:00:04]} 11. Nd4 {[%emt
0:00:01]} a6 {[%emt 0:00:09]} 12. f4 {[%emt 0:00:01]} Rc8 {[%emt 0:00:03]} 13.
Kd2 {[%emt 0:00:01]} e6 {[%emt 0:00:07]} 14. Bd3 {[%emt 0:00:08]} Nc6 {[%emt 0:
00:07]} 15. Ke3 {[%emt 0:00:12]} Bc5 {[%emt 0:00:17]} 16. Be4 {[%emt 0:00:09]}
O-O {[%emt 0:00:27]} 17. Bd2 {[%emt 0:00:03]} Na5 {[%emt 0:00:10]} 18. Bd3 {
[%emt 0:00:02]} Bc6 {[%emt 0:00:04]} 19. Rhg1 {[%emt 0:00:02]} Bd5 {[%emt 0:00:
04]} 20. g4 {[%emt 0:00:09]} Nc4+ {[%emt 0:00:10]} 21. Bxc4 {[%emt 0:00:01]}
Bxc4 {[%emt 0:00:00]} 22. a4 {[%emt 0:00:08]} Rfd8 {[%emt 0:00:08]} 23. Rab1 {
[%emt 0:00:01]} Rd7 {[%emt 0:00:03]} 24. Rgd1 {[%emt 0:00:21]} Rcd8 {[%emt 0:
00:13]} 25. Be1 {[%emt 0:00:01]} h6 {[%emt 0:00:13]} 26. Bf2 {[%emt 0:00:03]}
Kf8 {[%emt 0:00:21]} 27. f5 {[%emt 0:00:01]} Re8 {[%emt 0:00:17]} 28. Bg3 {
[%emt 0:00:05]} b5 {[%emt 0:00:05]} 29. axb5 {[%emt 0:00:02]} axb5 {[%emt 0:00:
00]} 30. Kf4 {[%emt 0:00:09]} Bxd4 {[%emt 0:00:01]} 31. Rxd4 {[%emt 0:00:04]}
Rxd4+ {[%emt 0:00:03]} 32. cxd4 {[%emt 0:00:00]} Rb8 {[%emt 0:00:02]} 33. Be1 {
[%emt 0:00:06]} Ra8 {[%emt 0:00:04]} 34. Bb4+ {[%emt 0:00:10]} Kg8 {[%emt 0:00:
01]} 35. Rb2 {[%emt 0:00:03]} Ra1 {[%emt 0:00:02]} 36. fxe6 {[%emt 0:00:03]}
fxe6 {[%emt 0:00:11]} 37. Bc5 {[%emt 0:00:00]} Kf7 {[%emt 0:00:04]} 38. h4 {
[%emt 0:00:02]} Rh1 {[%emt 0:00:10]} 39. h5 {[%emt 0:00:05]} g6 {[%emt 0:00:04]
} 40. hxg6+ {[%emt 0:00:03]} Kxg6 {[%emt 0:00:00]} 41. Rf2 {[%emt 0:00:01]} Rh3
{[%emt 0:00:02]} 42. Rf3 {[%emt 0:00:12]} Rxf3+ {[%emt 0:00:07]} 43. Kxf3 {
[%emt 0:00:00]} h5 {[%emt 0:00:01]} 44. gxh5+ {[%emt 0:00:01]} Kxh5 {[%emt 0:
00:00]} 45. Kf4 {[%emt 0:00:01]} Bd5 {[%emt 0:00:02]} 46. Ke3 {[%emt 0:00:03]}
Kg4 {[%emt 0:00:01]} 47. Kd2 {[%emt 0:00:00]} Kf3 {[%emt 0:00:01]} 48. Kc3 {
[%emt 0:00:00]} Ke2 {[%emt 0:00:02]} 49. Kb4 {[%emt 0:00:00]} Bc6 {[%emt 0:00:
01]} 50. Bb6 {[%emt 0:00:00]} Kd3 {[%emt 0:00:04]} 51. Bc5 {[%emt 0:00:00]
Artur95 ïðåäëàãàåò íè~~üo^} 1/2-1/2